Other - Other Academic and General Knowledge | 1 | 1 | 0 | 0 | 25 | 47 | 74.00 | 1 | 1 |
History - Cross, Historiography, and Miscellaneous | 0 | 2 | 0 | 0 | 20 | 72 | 89.00 | 0 | 0 |
Current Events - U.S. | 1 | 0 | 0 | 0 | 15 | 52 | 52.00 | 0 | 0 |
History - World | 1 | 0 | 0 | 0 | 15 | 18 | 18.00 | 1 | 1 |
RMP - Buddhism | 1 | 0 | 0 | 0 | 15 | 60 | 60.00 | 0 | 0 |
Social Science - Linguistics | 1 | 0 | 0 | 0 | 15 | 39 | 39.00 | 0 | 0 |
Geography - Europe | 0 | 1 | 0 | 0 | 10 | 134 | 134.00 | 0 | 0 |
Geography - United States | 0 | 1 | 0 | 0 | 10 | 90 | 90.00 | 0 | 0 |
Geography - World | 0 | 1 | 0 | 0 | 10 | 57 | 57.00 | 0 | 1 |
Social Science - Psychology | 0 | 0 | 0 | 0 | 0 | | 0.00 | 0 | 0 |
Fine Arts - Ballet/Dance | 0 | 0 | 0 | 0 | 0 | | 0.00 | 0 | 0 |
RMP - Islam | 0 | 0 | 0 | 0 | 0 | | 0.00 | 0 | 0 |
Science - Biology | 0 | 0 | 0 | 0 | 0 | | 0.00 | 0 | 0 |
Current Events - World | 0 | 0 | 0 | 0 | 0 | | 0.00 | 0 | 0 |